| 000 | 005450000a22001810004500 | ||
|---|---|---|---|
| 003 | MACL | ||
| 005 | 20160209133656.0 | ||
| 008 | 160209b xxu||||| |||| 00| 0 eng d | ||
| 040 |
_aMACL _cMACL |
||
| 041 | _aHindi | ||
| 082 | _a294 | ||
| 100 |
_aआचार्य पं. श्रीराम शर्मा _937056 |
||
| 245 | _aस्कन्द पुराण | ||
| 260 |
_bसंस्कृति संस्थान _c1976 _aबरेली |
||
| 350 | _a10 | ||
| 650 |
_aReligion _937451 |
||
| 942 |
_cHIN _k294 _2ddc |
||
| 999 |
_c27441 _d27441 |
||